Saathiya (Record no. 34696)
[ view plain ]
| 000 -LEADER | |
|---|---|
| fixed length control field | 01847ngm a2200373 4500 |
| 003 - CONTROL NUMBER IDENTIFIER | |
| control field | dpl |
| 005 - DATE AND TIME OF LATEST TRANSACTION | |
| control field | 20100315153756.0 |
| 007 - PHYSICAL DESCRIPTION FIXED FIELD--GENERAL INFORMATION | |
| fixed length control field | DVD |
| 008 - FIXED-LENGTH DATA ELEMENTS--GENERAL INFORMATION | |
| fixed length control field | ||||||sp199 xxu|||||c ||| 00| 0 ng d |
| 010 ## - LIBRARY OF CONGRESS CONTROL NUMBER | |
| LC control number | DVD-006775-6778 |
| 024 ## - OTHER STANDARD IDENTIFIER | |
| Terms of availability | 99.00 |
| 035 ## - SYSTEM CONTROL NUMBER | |
| System control number | DVD-006775-6777 |
| 040 ## - CATALOGING SOURCE | |
| Original cataloging agency | DPL |
| Transcribing agency | DPL |
| 082 ## - DEWEY DECIMAL CLASSIFICATION NUMBER | |
| Classification number | DVD SAAT |
| 245 ## - TITLE STATEMENT | |
| Title | Saathiya |
| Statement of responsibility, etc | Kaleidoscope Entertainment Pvt. Ltd. Presents |
| Medium | [videorecording] DVD/ |
| 260 ## - PUBLICATION, DISTRIBUTION, ETC. (IMPRINT) | |
| Name of publisher, distributor, etc | Yash Raj Films Home Entertainment |
| 300 ## - PHYSICAL DESCRIPTION | |
| Extent | 1 videodisc DVD; |
| Other physical details | sd., col. ; |
| Dimensions | 4 3/4 in. |
| Type of unit | DVD |
| 440 ## - SERIES STATEMENT/ADDED ENTRY--TITLE | |
| Title | Yash Raj Home Entertainment |
| 538 ## - SYSTEM DETAILS NOTE | |
| System details note | Dolby Digital 5.1 - Hindi Subtitles: English, Tamil, Telugu, Kannada, Malayalam |
| 650 ## - SUBJECT ADDED ENTRY--TOPICAL TERM | |
| Topical term or geographic name as entry element | Motion Picture |
| 700 ## - ADDED ENTRY--PERSONAL NAME | |
| Personal name | Bedi, Boddy |
| 700 ## - ADDED ENTRY--PERSONAL NAME | |
| Personal name | Shaad Ali |
| 700 ## - ADDED ENTRY--PERSONAL NAME | |
| Personal name | Rehman, A.R. |
| 700 ## - ADDED ENTRY--PERSONAL NAME | |
| Personal name | Mehta, Anil |
| 700 ## - ADDED ENTRY--PERSONAL NAME | |
| Personal name | Mukherji, Rani |
| 700 ## - ADDED ENTRY--PERSONAL NAME | |
| Personal name | Oberoi, Vivek |
| 700 ## - ADDED ENTRY--PERSONAL NAME | |
| Personal name | Saxena, Sarat |
| 942 ## - ADDED ENTRY ELEMENTS (KOHA) | |
| Koha item type | CD-ROMs, DVDs, VHS |
| Source of classification or shelving scheme | Dewey Decimal Classification |
| Classification part | DVD |
| Call number suffix | SAAT |
| Withdrawn status | Lost status | Source of classification or shelving scheme | Damaged status | Not for loan | Home library | Current library | Date acquired | Source of acquisition | Cost, normal purchase price | Total Checkouts | Full call number | Barcode | Date last seen | Date checked out | Copy number | Cost, replacement price | Price effective from | Koha item type |
|---|---|---|---|---|---|---|---|---|---|---|---|---|---|---|---|---|---|---|
| Dewey Decimal Classification | Central Library | Central Library | 15/03/2010 | Pioneers/1099/25-12-09/325/13-10-09 /30-12-09 | 99.00 | 10 | DVD SAAT | DVD-006775 | 09/05/2014 | 02/05/2014 | 1 | 99.00 | 15/03/2010 | CD-ROMs, DVDs, VHS | ||||
| Dewey Decimal Classification | Patel Nagar | Patel Nagar | 15/03/2010 | Pioneers/1099/25-12-09/325/13-10-09 /30-12-09 | 99.00 | 7 | DVD SAAT | DVD-006776 | 08/08/2013 | 25/07/2013 | 1 | 99.00 | 15/03/2010 | CD-ROMs, DVDs, VHS | ||||
| Dewey Decimal Classification | R.K.Puram-8 | R.K.Puram-8 | 15/03/2010 | Pioneers/1099/25-12-09/325/13-10-09 /30-12-09 | 99.00 | DVD SAAT | DVD-006778 | 08/03/2013 | 1 | 99.00 | 15/03/2010 | CD-ROMs, DVDs, VHS | ||||||
| Dewey Decimal Classification | Sarojini Nagar | Sarojini Nagar | 15/03/2010 | Pioneers/1099/25-12-09/325/13-10-09 /30-12-09 | 99.00 | 15 | DVD SAAT | DVD-006777 | 06/04/2013 | 11/03/2013 | 1 | 99.00 | 15/03/2010 | CD-ROMs, DVDs, VHS |
